Nhà Tây Sơn

Saved in:
Bibliographic Details
Format: Book
Language:Vietnamese
Published: Trẻ 2000
Subjects:
Tags: Add Tag
No Tags, Be the first to tag this record!
Institutions: Mạng thư viện Đại học Đà Nẵng
LEADER 00926nam a2200301 a 4500
001 000003826
003 04220
005 20171229145311.0
008 171229s2000 vie
040 |a LSK 
041 0 |a VIE 
082 0 |a 959.7028  |b QU-T 
245 0 0 |a Nhà Tây Sơn  |c Quách Tấn, Quách Giao 
260 |b Trẻ  |c 2000 
300 |a 215 pages  |c 19 cm. 
653 |a Lịch sử - Việt Nam 
852 |a Phòng Đọc 
901 |a 2 
927 |a Sách tham khảo 
OWN |a LSK 
AVA |a UDN50  |b LSK  |d 959.7028 QU-T  |e available  |t Error 5001 Not defined in file expand_doc_bib_avail.  |f 2  |g 0  |h N  |i 0  |k 1 
999 |a From the UDN01 
AVA |a UDN50  |b LSK  |d 959.7028 QU-T  |e available  |t Error 5001 Not defined in file expand_doc_bib_avail.  |f 2  |g 0  |h N  |i 0  |k 1 
TYP |a Monograph 
TYP |a Printed language 
980 |a Mạng thư viện Đại học Đà Nẵng